| 000 | 00561 a2200133 4500 | ||
|---|---|---|---|
| 245 |
_aFollow the river and you will reach the sea _b : community views on communication _hprint |
||
| 020 | _a1779360126 | ||
| 650 | _aCommunity views on communication | ||
| 005 | 20191017172116.0 | ||
| 260 |
_arh _bAfrica Community Pub. and Development Trust with the Media Institute of Southern Africa _c2004 |
||
| 084 | _aJC591 .F65 2004 | ||
| 300 |
_a136 p. : ill. _b 30 cm. _c136 p. : ill. ; 30 cm. |
||
| 500 | _aIncludes bibliographical references (p. 135). | ||
| 490 | _aCommunity capacity building series | ||
| 999 |
_c8443 _d8443 |
||